• 首页
  • 本馆介绍
  • 公告通知
  • 最新文献
  • 馆藏检索
  • 电子资源
  • 读者荐购
  • 参考咨询
  • CALIS
  • 我的图书馆
  • 登录
  • 详细信息显示
  • 放入我的书架
  • 预约/预借图书
  • 作者相关作品
  • 分类相关作品
  • 丛书相关作品
  • 出版社相关作品

书目信息

  • 表格格式
  • 工作单格式
  • 卡片格式
题名:
算法设计与分析
    
 
作者: 王晓东 编著
分册:  
出版信息: 北京   清华大学出版社  2018.10
页数: 344页
开本: 20cm
丛书名:
单 册:
中图分类: TP301.6-43
科图分类:
主题词: 计算技术 , 电子计算机
电子资源:
ISBN: 978-7-302-51010-9
 
 
 
 
 
000 00616nam0 2200217 45
001 2061799496
005 20201103171108.57
010    @a978-7-302-51010-9@dRMB 49.90
100    @a20201103d2018 km y0chiy0120 ea
101 0  @achi
102    @aCN@b110000
200 1  @a算法设计与分析@Asuan fa she ji yu fen xi@f王晓东编著@Fwang xiao dong bian zhu
205    @a4版
210    @a北京@c清华大学出版社@d2018.10
215    @a344页@d20cm
606 0  @a计算技术
606 0  @a电子计算机
690    @aTP301.6-43@v4
701  0 @a王晓东@Awang xiao dong@4编著
801  0 @aCN@bPFT@c20201103
905    @a10447@dTP301.6-43@eW3801=4
    
    算法设计与分析/王晓东编著.-4版.-北京:清华大学出版社,2018.10
    344页;20cm
    
    
    ISBN 978-7-302-51010-9:RMB 49.90
    
●
相关链接 在E读中查询图书 在当当中查询图书 在豆瓣中查询图书


正题名:算法设计与分析     索取号:TP301.6-43/W3801=4         预约/预借

序号 登录号 条形码 馆藏地/架位号 状态 备注
1 1501326   215013269   自科库301/301自科库 45排7列2层/ [索取号:TP301.6-43/W3801=4] 在馆    
河南城建学院图书馆 欢迎您!
大连网信软件有限公司© 版权所有